000 00324nam a2200133Ia 4500
005 20260328104337.0
008 260328s9999||||xx |||||||||||||| ||und||
100 _aVan Dine, Alan
245 0 _aUnconventional Builders /
_cAlan Van Dine
260 _bHarrington
300 _a184 p.
650 _aCONSTRUCCIÓN
942 _cBK
999 _c11957
_d11957